Most Popular Girl Names in the U.S. A-Z - Statistics

General Stats
  • This quiz has been taken 71 times
  • The average score is 10 of 26
Answer Stats
Letter Name % Correct
O Olivia
76%
M Mary
64%
E Elizabeth
61%
I Isabella
61%
V Victoria
54%
Z Zoe
54%
G Grace
45%
Q Quinn
45%
S Susan
45%
J Jennifer
43%
R Rebecca
43%
P Patricia
42%
F Frances
40%
B Barbara
39%
K Karen
36%
L Linda
36%
W Wendy
36%
N Nancy
34%
A Ashley
33%
D Deborah
30%
H Heather
28%
T Teresa
27%
U Ursula
21%
Y Yvonne
21%
X Ximena
10%
C Cynthia
7%
No matching quizzes found
Score Distribution
Percent of People with Each Score
Percentile by Number Answered
Your Score History
You have not taken this quiz